[Event "XX Open"]
[Site "Andorra la Vella AND"]
[Date "2002.07.07"]
[Round "2"]
[White "Radulski,J"]
[Black "Ayza Ballester,J"]
[Result "1/2-1/2"]
[WhiteElo "2529"]
[BlackElo "2289"]

1.e4 c5 2.Nc3 Nc6 3.Bb5 g6 4.Bxc6 bxc6 5.d3 Bg7 6.Nge2 d6 7.O-O e5 8.Be3 Nh6
9.Qc1 Ng4 10.Bg5 f6 11.Bd2 f5 12.h3 Nf6 13.f4 exf4 14.Bxf4 O-O 15.Qd2 Ne8
16.Rae1 Rb8 17.b3 Qa5 18.Bh6 Qc7 19.Ng3 Bxh6 20.Qxh6 Qg7 21.Qxg7+ Nxg7 22.exf5 Bxf5
23.Nge4 Rbd8 24.g4 Bxe4 25.Nxe4 Rxf1+ 26.Rxf1 Ne8 27.Ng5 Rc8 28.Kg2 h6 29.Ne6 Ng7
30.Rf6 Re8 31.Nxg7 Kxg7 32.Rxd6 Re2+ 33.Kf3 Rxc2 34.Rxc6 Rxa2 35.Rxc5 Rh2
36.Kg3 Rd2 37.Rc3 g5 38.Kf3 a5 39.Ke4 Re2+ 40.Kf3 Rh2 41.Kg3 Rd2 42.h4 gxh4+
43.Kxh4 Rg2 44.Rc7+ Kg6 45.Rc6+ Kg7 46.Rb6 Rb2 47.Kg3 Rd2 48.Rd6 Rb2 49.Kf4 Rxb3
50.d4 a4 51.Ra6 a3 52.d5 Rd3 53.Ke4 Rg3 54.Kf5 Rf3+ 55.Ke5 Re3+ 56.Kd6 Kg6
57.Kc7+ Kg5 58.d6 Kxg4 59.d7 Rc3+  1/2-1/2

[Event "Tan Chin Nam Cup"]
[Site "Qingdao CHN"]
[Date "2002.07.07"]
[Round "6"]
[White "Ni Hua"]
[Black "Mikhalevski,V"]
[Result "1-0"]
[WhiteElo "2533"]
[BlackElo "2520"]

1.e4 c5 2.Nf3 Nc6 3.Nc3 d6 4.d4 cxd4 5.Nxd4 e5 6.Ndb5 a6 7.Na3 b5 8.Nd5 Nce7
9.c4 Nxd5 10.exd5 f5 11.cxb5 Nf6 12.bxa6 Bxa6 13.Qa4+ Kf7 14.Bxa6 Qb6 15.O-O Qxa6
16.Qc2 g6 17.Rd1 Rc8 18.Qb3 f4 19.Nb5 Rc5 20.a4 Be7 21.Bd2 Rb8 22.Rac1 Rcxb5
23.axb5 Qxb5 24.Qh3 Qd7 25.Qxd7 Nxd7 26.b4 Rb5 27.Be1 Bd8 28.g3 fxg3 29.hxg3 Nf6
30.Rc8 Bb6 31.Kg2 Nxd5 32.Rb8 Ke6 33.Ra1 Bd4 34.Rxb5 Bxa1 35.Rb7 h5 36.b5 Bd4
37.Ba5 e4 38.b6 e3 39.Rb8 Kd7 40.Rd8+  1-0

[Event "Tan Chin Nam Cup"]
[Site "Qingdao CHN"]
[Date "2002.07.08"]
[Round "8"]
[White "Zhang Pengxiang"]
[Black "Mikhalevski,V"]
[Result "1-0"]
[WhiteElo "2550"]
[BlackElo "2520"]

1.e4 c5 2.Nf3 Nc6 3.Nc3 e5 4.Bc4 Be7 5.d3 d6 6.Nd2 Bg5 7.Nf1 Bxc1 8.Rxc1 Nf6
9.Ne3 Be6 10.Ncd5 O-O 11.O-O Bxd5 12.Nxd5 Nxd5 13.Bxd5 Qf6 14.a3 Ne7 15.Ba2 Rad8
16.Qe2 d5 17.exd5 Nxd5 18.Qe4 Nf4 19.Rce1 Qg6 20.Qf3 Rde8 21.g3 Ne6 22.Bxe6 Qxe6
23.Qxb7 Rb8 24.Qxa7 Rxb2 25.Qxc5 Rc8 26.Qxe5 Qxe5 27.Rxe5 Rbxc2 28.Rb1 R2c3
29.Rd5 Rxa3 30.Rb7 Ra6 31.Rf5 Rf8 32.Rd7 g6 33.Rf4 Kg7 34.Kg2 Rf6 35.Kf3 h5
36.h3 Ra8 37.g4 hxg4+ 38.hxg4 Ra2 39.Rxf6 Kxf6 40.Rb7 Ra4 41.g5+ Kxg5 42.Rxf7 Rd4
43.Ke3 Rd8 44.d4 Re8+ 45.Kd3 Rd8 46.f3 Kh5 47.Ke4 Re8+ 48.Kf4 g5+ 49.Kf5 Kh6
50.d5 Re3 51.Rf6+ Kh5 52.f4 g4 53.Rf8 Kh4 54.Rg8 Rd3 55.Rxg4+ Kh3 56.Ke4  1-0

[Event "Jacques Lemans Open"]
[Site "St Veiter AUT"]
[Date "2002.07.09"]
[Round "4"]
[White "Valent,P"]
[Black "Juergens,K"]
[Result "1/2-1/2"]
[WhiteElo "2076"]
[BlackElo "2176"]

1.e4 c5 2.Nc3 Nc6 3.Nge2 d6 4.d4 cxd4 5.Nxd4 Nf6 6.Bg5 e6 7.Qd2 a6 8.f3 Bd7
9.O-O-O b5 10.Nxc6 Bxc6 11.Kb1 Be7 12.Bd3 Rc8 13.Rhe1 O-O 14.Ne2 Nxe4 15.Bxe4 Bxg5
16.Qxd6 Bxe4 17.fxe4 Qa5 18.Qg3 b4 19.Rf1 Qc5 20.c3 a5 21.Qd6 Qc4 22.Qd3 Qc6
23.g3 a4 24.Nd4 Qc5 25.cxb4 Qxb4 26.Nf3 a3 27.Qxa3 Qxa3 28.bxa3 Rb8+ 29.Ka1 Be7
30.Rd3 Ra8 31.Kb2 Rfb8+ 32.Rb3 Bxa3+ 33.Kc2 Rc8+ 34.Rc3 Bc5 35.Ra1 Ra4 36.Nd2 Raa8
37.Nb3 Bb4 38.Rxc8+ Rxc8+ 39.Kd1 Rd8+ 40.Ke2 Kf8 41.a4 Rc8 42.Ra2 Rc3 43.Nd2 Ba5
44.e5 Rc5 45.Nf3 g5  1/2-1/2

[Event "Dutch Open"]
[Site "Dieren NED"]
[Date "2002.07.10"]
[Round "2"]
[White "Van der Veen,Jan"]
[Black "Zult,D"]
[Result "1/2-1/2"]
[WhiteElo "2135"]
[BlackElo "2101"]

1.e4 c5 2.Nc3 Nc6 3.Bb5 g6 4.Bxc6 dxc6 5.d3 Bg7 6.Be3 b6 7.Qd2 Nf6 8.Bh6 O-O
9.Bxg7 Kxg7 10.f4 a5 11.Nf3 Qc7 12.O-O Ba6 13.f5 Ng4 14.Ne2 Rad8 15.Ng3 f6
16.Qc3 Bc8 17.Rae1 e5 18.a4  1/2-1/2

[Event "XX Open"]
[Site "Andorra la Vella AND"]
[Date "2002.07.11"]
[Round "6"]
[White "Radulski,J"]
[Black "Handke,F"]
[Result "0-1"]
[WhiteElo "2529"]
[BlackElo "2471"]

1.e4 c5 2.Nc3 Nc6 3.Nf3 e6 4.a3 a6 5.d4 cxd4 6.Nxd4 Qc7 7.Nxc6 bxc6 8.Bd3 Nf6
9.O-O Be7 10.f4 d5 11.e5 Nd7 12.Na4 a5 13.Be3 c5 14.c4 d4 15.Bd2 Bb7 16.b3 h5
17.Be2 h4 18.Bf3 h3 19.g3 g5 20.Qe2 Rg8 21.Rae1 Rb8 22.f5 Bxf3 23.Rxf3 g4
24.Rd3 Qc6 25.Bf4 exf5 26.e6 fxe6 27.Bxb8 Nxb8 28.Nxc5 Bxc5 29.Qxe6+ Qxe6
30.Rxe6+ Kf7 31.Re5 Nd7 32.Rd5 Ke6 33.Rd1 Rg7 34.Re1+ Kf6 35.Rf1 Bxa3 36.Rfxf5+ Ke6
37.Rxa5 Bb4 38.Rab5 Bc3 39.Rfd5 Rf7  0-1

[Event "FSGM July"]
[Site "Budapest HUN"]
[Date "2002.07.11"]
[Round "6"]
[White "Radziewicz,I"]
[Black "Thorfinnsson,Br"]
[Result "1/2-1/2"]
[WhiteElo "2407"]
[BlackElo "2362"]

1.e4 c5 2.Nc3 Nc6 3.Bb5 g6 4.Bxc6 dxc6 5.d3 Bg7 6.f4 c4 7.Nf3 cxd3 8.cxd3 Bg4
9.O-O Qb6+ 10.Kh1 O-O-O 11.Qc2 Bxf3 12.Rxf3 Nf6 13.Be3 Qa6 14.Bc5 e5 15.f5 Nd7
16.Be7 Rde8 17.Nd5 Bf8 18.f6 Kb8 19.Rc1 Nb6 20.Bxf8 Rhxf8 21.Nc3 h5 22.b4 Re6
23.a4 Rd8 24.h3 Rdd6 25.Nb5 Rd8 26.Nc3 Nd7 27.Nd5 Nb6 28.Nc3 Na8 29.Nd1 Qb6
30.Qb3 Nc7 31.Nb2 Na6 32.Rc4 Rdd6 33.a5 Qd8 34.b5 cxb5 35.Qxb5 h4 36.Na4 Qd7
37.Qxd7 Rxd7 38.Nc3 Nc7 39.g3 hxg3 40.Kg2 Red6 41.Kxg3 Rxd3 42.Rxd3 Rxd3+
43.Kg4 Ne8 44.Nd5 Nd6 45.Rb4 Nxe4 46.Rxe4 Rxd5 47.Kg5 Kc7 48.Kh6 Kd7 49.Kg7 Ke6
50.Rc4 Rd7 51.Rc8 Kf5 52.Rf8 Ke6 53.Re8+ Kd6 54.Kf8 b6 55.axb6 axb6 56.Re7 b5  1/2-1/2

[Event "Dutch Open"]
[Site "Dieren NED"]
[Date "2002.07.11"]
[Round "3"]
[White "Bertholee,R"]
[Black "Savchenko,S"]
[Result "0-1"]
[WhiteElo "2379"]
[BlackElo "2537"]

1.e4 c5 2.Nc3 Nc6 3.Nf3 g6 4.Bb5 Bg7 5.O-O Nd4 6.Re1 Nxb5 7.Nxb5 d6 8.d4 cxd4
9.e5 dxe5 10.Nxe5 Nh6 11.Nxd4 O-O 12.c3 Nf5 13.Nxf5 Bxf5 14.Qe2 Qa5 15.Bf4 Rad8
16.h3 Rfe8 17.Ng4 Be6 18.Qe3 Qb5 19.b3 Rd3 20.Qe2 Bxg4 21.hxg4 Bxc3 22.Rad1 Red8
23.Rxd3 Rxd3 24.Qxe7 Bxe1 25.Bh6 Bb4 26.Qf6 Bf8 27.Bxf8 Kxf8 28.Qh8+ Ke7
29.Kf1 Rd1+  0-1

[Event "Open"]
[Site "Oberwart AUT"]
[Date "2002.07.11"]
[Round "7"]
[White "Kupreichik,V"]
[Black "Wittmann,W"]
[Result "1-0"]
[WhiteElo "2466"]
[BlackElo "2332"]

1.e4 c5 2.Ne2 Nc6 3.Nbc3 d6 4.d4 cxd4 5.Nxd4 Nf6 6.Bc4 e6 7.Be3 Be7 8.Qe2 O-O
9.O-O-O a6 10.g4 Nxd4 11.Bxd4 b5 12.Bb3 b4 13.Na4 Bb7 14.f3 Nd7 15.Kb1 Qa5
16.c3 Bc6 17.cxb4 Qxb4 18.Bc3 Qb7 19.Rd4 Bb5 20.Qe3 Nc5 21.Nxc5 dxc5 22.Rd2 Rfd8
23.Rhd1 Qc7 24.f4 Rxd2 25.Rxd2 Rd8 26.f5 Rxd2 27.Qxd2 Bc6 28.fxe6 Bxe4+ 29.Ka1 fxe6
30.Bxe6+ Kh8 31.Bc4 Bb7 32.Qh6 Bd6 33.Bd3  1-0

[Event "Open Championships"]
[Site "Paris FRA"]
[Date "2002.07.11"]
[Round "6"]
[White "Nisipeanu,LD"]
[Black "Chabanon,JL"]
[Result "0-1"]
[WhiteElo "2613"]
[BlackElo "2483"]

1.e4 c5 2.Nc3 Nc6 3.Bb5 Nd4 4.Ba4 e6 5.Nf3 a6 6.d3 b5 7.Bb3 Nxb3 8.axb3 Bb7
9.O-O Ne7 10.Re1 Ng6 11.Bg5 Qc7 12.h4 h6 13.Be3 Be7 14.h5 Nf4 15.Nh2 f5 16.g3 Nh3+
17.Kg2 Ng5 18.Bf4 Qc6 19.Bxg5 hxg5 20.Nf3 d6 21.g4 b4 22.Na4 fxe4 23.dxe4 O-O
24.Nh2 Rad8 25.f3 d5 26.e5 c4 27.Qe2 Rf4 28.Rad1 Rdf8 29.Rf1 a5 30.Qe3 Ba6
31.Rfe1 Bb5 32.Kg3 Bxa4 33.bxa4 Bc5 34.Qe2 Qxa4 35.b3 Qc6  0-1

[Event "ch-NOR"]
[Site "Roros NOR"]
[Date "2002.07.12"]
[Round "8"]
[White "Moen,OC"]
[Black "Nordahl,H"]
[Result "0-1"]
[WhiteElo "2280"]
[BlackElo "2274"]

1.e4 c5 2.Nc3 Nc6 3.Nf3 e5 4.a3 d6 5.Bc4 Be7 6.Nd5 Nf6 7.Nxe7 Qxe7 8.d3 Bg4
9.c3 h6 10.h3 Be6 11.Bxe6 Qxe6 12.O-O O-O 13.Re1 Rad8 14.b4 c4 15.d4 d5 16.b5 dxe4
17.bxc6 exf3 18.cxb7 e4 19.Bf4 Nd5 20.b8=Q Rxb8 21.Bxb8 Rxb8 22.Rb1 Re8 23.Qd2 Qg6
24.g3 e3 25.Qd1 Nxc3 26.Qc1 Ne2+ 27.Rxe2 fxe2 28.Qe1 exf2+ 29.Kxf2 Qf5+  0-1

[Event "3rd Stage Russian Cup"]
[Site "Tomsk RUS"]
[Date "2002.07.12"]
[Round "5"]
[White "Frolov,D"]
[Black "Logunov,M"]
[Result "1/2-1/2"]
[WhiteElo "2459"]
[BlackElo "2388"]

1.e4 c5 2.Nf3 Nc6 3.Nc3 g6 4.d4 cxd4 5.Nxd4 Bg7 6.Be3 Nf6 7.Bc4 O-O 8.O-O Nxe4
9.Nxe4 d5 10.Nxc6 bxc6 11.Bd3 dxe4 12.Bxe4  1/2-1/2

[Event "EuJun"]
[Site "Baku AZE"]
[Date "2002.07.15"]
[Round "2"]
[White "Aroshidze,L"]
[Black "Gasanov,E"]
[Result "1/2-1/2"]
[WhiteElo "2345"]
[BlackElo "2471"]

1.e4 c5 2.Nf3 Nc6 3.Nc3 e5 4.Bc4 Be7 5.d3 d6 6.Nd2 Nf6 7.Nf1 Bg4 8.f3 Be6
9.Ne3 O-O 10.O-O Nb4 11.Qe2 Nd7 12.Ncd5 Nb6 13.Nxb6 axb6 14.c3 Nc6 15.Nd5 Na5
16.Be3 Nxc4 17.dxc4 f5 18.exf5 Rxf5 19.f4 b5 20.b3 bxc4 21.bxc4 Bxd5 22.cxd5 Qd7
23.c4 exf4 24.Bxf4 Bf6 25.Rae1 Bc3 26.Rb1 Re8 27.Qd3 Bd4+ 28.Kh1 Be5 29.Bxe5 Rfxe5
30.Qb3 Rf5 31.h3 Re2 32.Rxf5 Qxf5 33.Qxb7 h6 34.a4 Qc2 35.Rg1 Qxa4 36.Qb8+ Kh7
37.Qxd6 Qxc4 38.Qc6 Rd2 39.d6 Qd5 40.Qxd5 Rxd5 41.Rc1  1/2-1/2

[Event "EuJun"]
[Site "Baku AZE"]
[Date "2002.07.16"]
[Round "3"]
[White "Gasanov,E"]
[Black "Mamedov,Rau"]
[Result "1-0"]
[WhiteElo "2471"]
[BlackElo "2358"]

1.e4 c5 2.Nc3 Nc6 3.Bb5 g6 4.Bxc6 bxc6 5.d3 Bg7 6.Nge2 Nf6 7.O-O O-O 8.Be3 Ng4
9.Bxc5 Qc7 10.f4 d6 11.Bf2 Rb8 12.Rb1 Nxf2 13.Rxf2 Bg4 14.d4 Qa5 15.a3 c5
16.Qd3 e6 17.h3 Bxe2 18.Nxe2 cxd4 19.Nxd4 Qb6 20.c3 Rfd8 21.f5 d5 22.fxe6 fxe6
23.Nf3 dxe4 24.Qxe4 Bxc3 25.Rf1 Bd4 26.Nxd4 Rxd4 27.Qf3 Rd5 28.Qf7+ Kh8 29.Qf6+ Kg8
30.Qf7+ Kh8 31.Kh1 Rf5 32.Rxf5 exf5 33.Re1 Qxb2 34.Qxa7 Rb7 35.Qc5 Kg7 36.a4 Qf6
37.a5 f4 38.Qd5 Ra7 39.Re6 Qa1+ 40.Kh2 Qxa5 41.Qd4+ Kh6 42.Qxf4+ Kg7 43.Qf6+ Kh6
44.Qf4+ Kg7 45.Qf6+ Kh6 46.Re5 Qa6 47.Qf8+ Rg7 48.Re4 g5 49.Rd4  1-0

[Event "FSGM July"]
[Site "Budapest HUN"]
[Date "2002.07.17"]
[Round "12"]
[White "Sedlak,N"]
[Black "Gerzhoy,L"]
[Result "1/2-1/2"]
[WhiteElo "2468"]
[BlackElo "2366"]

1.e4 c5 2.Nc3 Nc6 3.Bb5 Nd4 4.Bc4 g6 5.Nf3 Bg7 6.O-O e6 7.Nxd4 cxd4 8.Nb5 d6
9.c3 Nf6 10.cxd4 d5 11.exd5 exd5 12.Be2 O-O 13.d3 Qb6 14.Qb3 a6 15.Nc3 Qxd4
16.Be3 Qe5 17.Bc5 Re8 18.d4 Qc7 19.Bf3 Be6 20.Rac1 Bh6 21.Rcd1 Qc6 22.Rfe1 Rad8
23.Qa3 Nd7 24.Be7 Rc8 25.Qd6 Nb6 26.Qxc6 bxc6 27.Bc5 Nc4 28.Re2 Bf5 29.g4 Rxe2
30.Nxe2 Bc2  1/2-1/2

[Event "Dutch Open"]
[Site "Dieren NED"]
[Date "2002.07.17"]
[Round "8"]
[White "Iuldachev,S"]
[Black "Hamelink,D"]
[Result "1-0"]
[WhiteElo "2516"]
[BlackElo "2114"]

1.e4 c5 2.Nc3 Nc6 3.Nf3 d6 4.d4 cxd4 5.Nxd4 e5 6.Nf3 h6 7.Bc4 Nf6 8.O-O Be7
9.h3 Be6 10.Bb3 O-O 11.Qe2 a6 12.Rd1 Qc7 13.Be3 Na5 14.Nd5 Bxd5 15.Bxd5 Nxd5
16.Rxd5 Nc4 17.c3 f5 18.exf5 Rxf5 19.Nd2 Nxd2 20.Qxd2 Raf8 21.a4 Qc6 22.a5 e4
23.Rd1 Qc8 24.b3 Qe6 25.c4 Kh7 26.Qb4 Bh4 27.Rxf5 Qxf5 28.Qb6 Rf6 29.Rd5 Qd7
30.Qd4 Qe7 31.Qd1 Qf8 32.Qc2 Re6 33.Rd4 Qf5 34.Rd5 Qg6 35.Qd1 Bd8 36.b4 Qf6
37.Qg4 Be7 38.Kf1 Qa1+ 39.Rd1 Qf6 40.Ke2 Kg8 41.Rd4 Qe5 42.g3 Kf7 43.Qf4+ Qxf4
44.gxf4 Bf6 45.f5 Re7 46.Rxd6 Be5 47.Rb6 Rd7 48.b5 axb5 49.cxb5 Bb8 50.a6 Ba7
51.Rxb7 Rxb7 52.axb7 Bb8 53.Bd4 g6 54.f6 Ke6 55.Ke3 g5 56.Kxe4 h5 57.Be5  1-0

[Event "TCh-POL Jun"]
[Site "Laczna POL"]
[Date "2002.07.17"]
[Round "4"]
[White "Gajewski,G"]
[Black "Wojtaszek,R"]
[Result "1/2-1/2"]
[WhiteElo "2388"]
[BlackElo "2449"]

1.e4 c5 2.Nc3 Nc6 3.Nf3 d6 4.d4 cxd4 5.Nxd4 Nf6 6.f3 e6 7.Be3 Be7 8.g4 O-O
9.Qd2 d5 10.g5 Nxd4 11.Qxd4 Nh5 12.exd5 Bxg5 13.O-O-O exd5 14.Nxd5 Be6 15.Bxg5 Qxg5+
16.Qe3 Qxe3+ 17.Nxe3  1/2-1/2

[Event "24th Politiken Cup"]
[Site "Copenhagen DEN"]
[Date "2002.07.18"]
[Round "4"]
[White "Lilja,R"]
[Black "Holm,S"]
[Result "1/2-1/2"]
[WhiteElo "2123"]
[BlackElo "2321"]

1.e4 c5 2.Nc3 Nc6 3.Bb5 Nd4 4.Bc4 d6 5.Nf3 Nf6 6.d3 Bg4 7.Bg5 e6 8.Nxd4 Bxd1
9.Bb5+ Nd7 10.Bxd8 cxd4 11.Kxd1 dxc3 12.Ba5 cxb2 13.Rb1 a6 14.Bxd7+ Kxd7
15.Rxb2  1/2-1/2

[Event "TCh-POL Jun"]
[Site "Laczna POL"]
[Date "2002.07.18"]
[Round "5"]
[White "Singer,K"]
[Black "Zielinski,P"]
[Result "1-0"]
[WhiteElo "2158"]
[BlackElo "2289"]

1.e4 c5 2.Nc3 Nc6 3.Bb5 Nd4 4.Bc4 g6 5.Nf3 a6 6.Nxd4 cxd4 7.Qf3 e6 8.Ne2 Bg7
9.d3 Ne7 10.O-O Nc6 11.Qg3 Na5 12.Bb3 d6 13.Bd2 Nxb3 14.axb3 Qb6 15.f4 f5
16.exf5 exf5 17.Qf2 Bd7 18.Bc3 O-O 19.Bxd4 Bxd4 20.Qxd4 Qc5 21.Qxc5 dxc5
22.Nc3 Rac8 23.Rfe1 Rfe8 24.Rxe8+ Rxe8 25.Kf2 Kf7 26.Re1 Rxe1 27.Kxe1 Ke6
28.Kf2 Kd6 29.Ke3 Be8 30.g3 Bf7 31.d4 Be8 32.Nd1 b5 33.dxc5+ Kxc5 34.Nf2 Bc6
35.Nd3+ Kd6 36.Kd4 Bf3 37.c4 Bd1 38.c5+ Ke6 39.Nb4 a5 40.Nc6 Bxb3 41.Nxa5 Bd5
42.Kc3 Bg2 43.Kb4 Bf1 44.Nc6 Kd5 45.Na7 h6 46.Nxb5 g5  1-0

[Event "TCh-POL Jun"]
[Site "Laczna POL"]
[Date "2002.07.18"]
[Round "6"]
[White "Staszewska,A"]
[Black "Pokojska,D"]
[Result "0-1"]
[WhiteElo "2058"]
[BlackElo "2051"]

1.e4 c5 2.Nc3 Nc6 3.Bb5 Nd4 4.Bc4 g6 5.Nf3 Bg7 6.Nxd4 cxd4 7.Qf3 Nh6 8.Ne2 O-O
9.d3 Ng4 10.O-O Ne5 11.Qg3 Nxc4 12.dxc4 d6 13.c3 Be6 14.Nxd4 Bxc4 15.Rd1 Qc7
16.Qh4 e5 17.Nc2 f5 18.exf5 Rxf5 19.Nb4 Raf8 20.Be3 Rh5 21.Qe4 Be6 22.Rd2 Rd8
23.Rad1 Bf8 24.Nd5 Qf7 25.Bxa7 Ra8 26.Be3 Rxa2 27.Qb4 Bxd5 28.Rxd5 Qxd5  0-1

[Event "TCh-POL Jun"]
[Site "Laczna POL"]
[Date "2002.07.18"]
[Round "6"]
[White "Gajewski,G"]
[Black "Szromba,K"]
[Result "1-0"]
[WhiteElo "2388"]
[BlackElo "2118"]

1.e4 c5 2.Nc3 Nc6 3.Bb5 Nd4 4.Bc4 e6 5.Nf3 Nf6 6.O-O a6 7.d3 Qc7 8.a4 Be7
9.Re1 d6 10.Nxd4 cxd4 11.Ne2 e5 12.c3 dxc3 13.Nxc3 Be6 14.Bg5 O-O 15.Qb3 Bxc4
16.Qxc4 Rac8 17.Qxc7 Rxc7 18.Bxf6 Bxf6 19.g3 Bg5 20.Re2 Rfc8 21.Ra3 Kf8 22.Rb3 g6
23.Kg2 Rb8 24.Rb4 Be7 25.Rc4 Rbc8 26.b3 Rc6 27.Nd5 Bd8 28.f4 Kg7 29.Rec2 Rxc4
30.Rxc4 Rxc4 31.dxc4 exf4 32.gxf4 g5 33.Kf3 Kg6 34.b4 gxf4 35.Kxf4 Bg5+ 36.Kf3 Bd8
37.b5 a5 38.Ke3 Kg5 39.Kd4 b6 40.e5 dxe5+ 41.Kxe5 f5 42.c5 bxc5 43.b6  1-0

[Event "TCh-POL Jun"]
[Site "Laczna POL"]
[Date "2002.07.18"]
[Round "6"]
[White "Kuziola,M"]
[Black "Singer,K"]
[Result "0-1"]
[WhiteElo "2187"]
[BlackElo "2158"]

1.e4 c5 2.Nc3 Nc6 3.Bb5 Nd4 4.Bc4 g6 5.Nf3 Bg7 6.Nxd4 cxd4 7.Qf3 Nh6 8.d3 O-O
9.Ne2 Ng4 10.Bb3 Ne5 11.Qg3 a5 12.a4 Nc6 13.h4 e6 14.h5 Qe8 15.Qh2 g5 16.Bxg5 h6
17.Bd2 Kh7 18.O-O-O b5 19.g4 Ne5 20.Qg3 d6 21.f4 bxa4 22.Ba2 Rb8 23.fxe5 Qb5
24.b3 axb3 25.cxb3 Qc5+ 26.Kb2 Bd7 27.g5 Ba4 28.g6+ Kh8 29.Rc1 Rxb3+ 30.Ka1 Qa3
31.Rc2 Rfb8 32.Rhc1 Rb2 33.Rc8+ Be8 34.Rxe8+ Rxe8  0-1

[Event "Richard Aronow Mem"]
[Site "Philadelphia USA"]
[Date "2002.07.18"]
[Round "6"]
[White "Smith,BG"]
[Black "Belorusov,M"]
[Result "1/2-1/2"]
[WhiteElo "2412"]
[BlackElo "2293"]

1.e4 c5 2.Nf3 Nc6 3.Nc3 d6 4.d4 cxd4 5.Nxd4 Nf6 6.Bc4 Qb6 7.Nb3 e6 8.Be3 Qc7
9.Qe2 a6 10.O-O-O b5 11.Bd3 Nb4  1/2-1/2

[Event "Capital of Siberia Open"]
[Site "Novosibirsk RUS"]
[Date "2002.07.19"]
[Round "1"]
[White "Sevostianov,V"]
[Black "Grif,S"]
[Result "1-0"]
[WhiteElo "2349"]
[BlackElo "2118"]

1.e4 c5 2.Nf3 Nc6 3.Nc3 d6 4.d4 cxd4 5.Nxd4 Nf6 6.Be2 g6 7.Be3 Bg7 8.Qd2 Ng4
9.Bxg4 Bxg4 10.f3 Bd7 11.O-O-O O-O 12.h4 Rc8 13.h5 Ne5 14.hxg6 fxg6 15.Bh6 Nc4
16.Qg5 Qb6 17.b3 Bf6 18.Qd5+ Rf7 19.e5 Nxe5 20.Ne4 Qa6 21.Kb1 Qa3 22.Bc1 Qb4
23.Bb2 a5 24.f4 Ng4 25.Rxh7 e6 26.Nxe6 Bc6 27.Nxf6+ Nxf6 28.Rxf7 Bxd5 29.Rg7+ Kh8
30.Bxf6  1-0

[Event "24th Politiken Cup"]
[Site "Copenhagen DEN"]
[Date "2002.07.20"]
[Round "6"]
[White "De Firmian,N"]
[Black "El Kher,H"]
[Result "1-0"]
[WhiteElo "2551"]
[BlackElo "2355"]

1.e4 c5 2.Nf3 Nc6 3.Nc3 e5 4.Bc4 d6 5.d3 Be7 6.Nd2 Nf6 7.Nf1 O-O 8.a3 Bg4
9.f3 Be6 10.Ne3 Nd7 11.Ncd5 Bg5 12.b4 Nb6 13.Rb1 Bxd5 14.Bxd5 Nxd5 15.exd5 Ne7
16.bxc5 Qa5+ 17.Kf2 Qxc5 18.c4 Nf5 19.Re1 Nxe3 20.Bxe3 Bxe3+ 21.Rxe3 Qxa3
22.Rxb7 Qc5 23.Qb3 Rad8 24.Qb2 a6 25.h3 h6 26.Qb6 Qa3 27.Kg3 Qc3 28.Qb2 Qxb2
29.Rxb2 Rb8 30.Ree2 Rfc8 31.Kf2 Kf8 32.Ke3 Ke7 33.f4 f6 34.Rxb8 Rxb8 35.Ra2 Rb6
36.fxe5 fxe5 37.Ke4 g6 38.g4 Rb1 39.Rxa6 Re1+ 40.Kf3 Rf1+ 41.Ke4 Re1+ 42.Kf3 Rf1+
43.Ke2 Rh1 44.Ra7+ Ke8 45.Rg7 Rxh3 46.Rxg6 Ke7 47.Kd2 Kd7 48.Rg7+ Kd8 49.Rh7 Rh4
50.Kc3 Rxg4 51.Rxh6 Kd7 52.Rh7+ Kd8 53.Kb4 e4 54.dxe4 Rxe4 55.Kb5 Rd4 56.Kc6 Rxc4+
57.Kxd6 Ke8 58.Rh8+ Kf7 59.Kd7  1-0

[Event "XVIII Open"]
[Site "Ferrol ESP"]
[Date "2002.07.20"]
[Round "4"]
[White "Eyo Castro Rial,A"]
[Black "Pina Sierra,J"]
[Result "0-1"]
[WhiteElo "2134"]
[BlackElo "2050"]

1.e4 c5 2.Nc3 Nc6 3.Nge2 g6 4.g3 Bg7 5.Bg2 d6 6.d3 e6 7.O-O Rb8 8.Be3 Nd4
9.Rb1 Bd7 10.f4 Ne7 11.Bf2 O-O 12.Nxd4 cxd4 13.Ne2 Nc6 14.c3 dxc3 15.bxc3 f5
16.Qb3 Kh8 17.d4 e5 18.d5 Na5 19.Qb4 b6 20.Qxd6 Nc4 21.Qb4 Nd2 22.a4 Nxb1
23.Rxb1 fxe4 24.Bxe4 Bg4 25.Rb2 Bxe2 26.Rxe2 exf4 27.c4 fxg3 28.Bxg3 Qg5
29.Bg2 Rbe8 30.Qd2 Qf6 31.d6 Rxe2 32.Qxe2 Qd4+ 33.Kh1 Qa1+ 34.Qe1 Qxe1+ 35.Bxe1 Rd8
36.Bg3 h5 37.Bh3 g5 38.d7 g4 39.Bg2 Rxd7 40.Bd5 Bf6 41.Bf4 Re7 42.Kg2 Re2+
43.Kg3 Be5  0-1

[Event "Macedonian Open"]
[Site "Struga MKD"]
[Date "2002.07.20"]
[Round "1"]
[White "Stanojoski,Z"]
[Black "Kacakovski,D"]
[Result "1-0"]
[WhiteElo "2479"]
[BlackElo "2199"]

1.e4 c5 2.Nf3 Nc6 3.Nc3 e5 4.Bc4 Be7 5.d3 Nf6 6.Nd2 O-O 7.Nf1 a6 8.a4 Rb8
9.Ne3 Nd4 10.a5 b5 11.axb6 Rxb6 12.O-O Ne8 13.Ncd5 Rg6 14.c3 Ne6 15.Nf5 Bh4
16.g3 N8c7 17.Kh1 Bf6 18.h4 Nxd5 19.exd5 Bb7 20.h5 Rg5 21.Bxg5 Bxg5 22.Nd6 Qc7
23.Nxb7 Qxb7 24.Qb3 Qxb3 25.Bxb3 Nc7 26.d6 Ne6 27.Rxa6 g6 28.Rfa1 gxh5 29.Ra8 Nd8
30.R1a7 h4 31.gxh4  1-0

[Event "Macedonian Open"]
[Site "Struga MKD"]
[Date "2002.07.20"]
[Round "1"]
[White "Petkovski,V"]
[Black "Nedev,T"]
[Result "0-1"]
[WhiteElo "2202"]
[BlackElo "2476"]

1.e4 c5 2.Nf3 Nc6 3.Nc3 Nf6 4.e5 Ng4 5.Qe2 d6 6.exd6 Qxd6 7.Ne4 Qc7 8.c3 e5
9.h3 Nf6 10.Nxf6+ gxf6 11.a3 Be6 12.b4 O-O-O 13.Qe3 h5 14.Bb5 a6 15.Be2 c4
16.O-O Bh6 17.Qe4 f5 18.Qh4 Ne7 19.Ng5 Bd5 20.d4 Ng6 21.Qxh5 Bg7 22.Nh7 Kb8
23.Qxf5 Rxh7 24.Bg5 Re8 25.dxe5 Rxe5 26.Qg4 Be6  0-1

[Event "Lasker Mem Open"]
[Site "Barlinek POL"]
[Date "2002.07.21"]
[Round "3"]
[White "Senff,M"]
[Black "Zubarev,A1"]
[Result "1/2-1/2"]
[WhiteElo "2464"]
[BlackElo "2470"]

1.e4 c5 2.Nf3 Nc6 3.Nc3 e5 4.Bc4 d6 5.d3 Be7 6.Nd2 Nf6 7.Nf1 Bg4 8.f3 Be6
9.Ne3 O-O 10.O-O Nd7 11.Ncd5 Bg5 12.g3 Bxe3+ 13.Bxe3 Nb6 14.Nxb6 axb6 15.Bxe6 fxe6
16.f4 exf4 17.Bxf4 e5 18.Be3 Rxf1+ 19.Qxf1 Qd7 20.Qe2 b5 21.c3 b4 22.c4 b3
23.a3 Nb4 24.Rf1 Nc2 25.Bd2 Rf8 26.Rxf8+ Kxf8 27.Bc3 g6 28.Kg2 Kg7 29.h3 h5
30.Qd2 Qe7 31.Qf2 Qg5 32.Bd2 Qf6 33.Bc3 g5 34.Qxf6+ Kxf6 35.Kf3 g4+ 36.hxg4 hxg4+
37.Ke2 Ke6 38.Kf2 Kd7 39.Ke2 Kc6 40.Kd2 b6 41.Ke2 b5 42.Kf2 Kb6 43.Ke2 Nd4+
44.Bxd4 exd4 45.Kd2 b4  1/2-1/2

[Event "24th Politiken Cup"]
[Site "Copenhagen DEN"]
[Date "2002.07.21"]
[Round "7"]
[White "Pert,R"]
[Black "Ekeberg,C"]
[Result "1/2-1/2"]
[WhiteElo "2357"]
[BlackElo "2213"]

1.e4 c5 2.Nc3 Nc6 3.Bb5 Nd4 4.Bc4 e6 5.Nf3 Ne7 6.O-O Nec6 7.Nxd4 Nxd4 8.d3 Be7
9.Be3 d6 10.Bxd4 cxd4 11.Ne2 Bf6 12.Bb3 h5 13.f4 g6 14.Kh1 Bd7 15.c3 Qb6
16.Rc1 h4 17.h3 a5 18.Ba4 Rc8 19.Bxd7+ Kxd7 20.e5 Be7 21.Nxd4 Ke8 22.Rc2 d5
23.Nf3 Qa6 24.Qe2 b5 25.Rfc1 Kf8 26.Nd4 Qb6 27.Qg4 Bc5 28.Nf3 Be7 29.d4 Ke8
30.Ng5 Kf8 31.Kh2 Rc6 32.Rf1 b4 33.Rfc1 b3 34.axb3 Qxb3 35.Rf2 a4 36.Rcf1 Rh5
37.Qe2 Rc4 38.Qg4 Rc6 39.Qe2 Rc4 40.Qd2 Rc6 41.Rf3 Rb6 42.R1f2 Qc4 43.Qe1 Rb3
44.Rc2  1/2-1/2

[Event "Capital of Siberia Open"]
[Site "Novosibirsk RUS"]
[Date "2002.07.21"]
[Round "3"]
[White "Salinnikov,D"]
[Black "Sarginov,K"]
[Result "1/2-1/2"]
[WhiteElo "2327"]
[BlackElo "2206"]

1.e4 c5 2.Nf3 Nc6 3.Nc3 g6 4.d4 cxd4 5.Nxd4 Bg7 6.Be3 Nf6 7.Be2 O-O 8.Nb3 d6
9.O-O Be6 10.f4 Na5 11.f5 Bc4 12.Nxa5 Bxe2 13.Nxb7 Bxd1 14.Nxd8 Bxc2 15.Nc6 Rfe8
16.fxg6 hxg6 17.Bg5 Bxe4 18.Nxe7+ Rxe7 19.Bxf6 Bxf6 20.Rxf6 d5 21.Rd1 Rb8
22.Rf2 Rc8 23.h4 Rc5 24.Rfd2 Kg7 25.Kf2 Rb7 26.g3 a5 27.Re1 a4 28.a3 Rb3
29.Ree2 f5 30.Re1 Rcxc3 31.bxc3 Rxa3 32.Rc1 Rb3 33.Ke3 a3 34.Ra2 Kf6 35.Kd4 Bb1
36.Ra1 a2 37.Re1 g5 38.h5 g4 39.h6 Kg6 40.Rh1 Kh7 41.Rh2 Ra3 42.Rb2 Kxh6
43.Rb5 Kg5  1/2-1/2

[Event "KB Czech Open"]
[Site "Pardubice CZE"]
[Date "2002.07.21"]
[Round "3"]
[White "Filipenko,A"]
[Black "Acs,P"]
[Result "0-1"]
[WhiteElo "2434"]
[BlackElo "2560"]

1.e4 c5 2.Nc3 Nc6 3.Nf3 d6 4.d4 cxd4 5.Nxd4 Nf6 6.g3 e5 7.Nde2 Be7 8.Bg2 h5
9.h3 h4 10.g4 Nh7 11.Be3 Bg5 12.Qd2 O-O 13.O-O-O Bxe3 14.Qxe3 Be6 15.Kb1 Qe7
16.Nd5 Bxd5 17.exd5 Nb8 18.Be4 g6 19.Rhg1 Ng5 20.Bd3 Qf6 21.f4 exf4 22.Nxf4 Nd7
23.Rdf1 Qe5 24.Qf2 Qh8 25.Qd2 Qh6 26.Qf2 Ne5 27.Be2 Rfe8 28.Qd4 Qg7 29.Bd1 Rac8
30.b3 Nd7 31.Qxg7+ Kxg7 32.Re1 Rxe1 33.Rxe1 Rc3 34.Re7 Ne5 35.Kb2 Rg3 36.Rxb7 Nxh3
37.Ne2 Rxg4 38.Nc3 Rf4 39.Rxa7 Nf2 40.Ra4 Rxa4 41.bxa4 h3  0-1

[Event "Lasker Mem Open"]
[Site "Barlinek POL"]
[Date "2002.07.22"]
[Round "4"]
[White "Kaim,P"]
[Black "Krupa,M"]
[Result "0-1"]
[WhiteElo "2293"]
[BlackElo "2211"]

1.e4 c5 2.Nf3 Nc6 3.Nc3 e5 4.Bc4 d6 5.d3 Be7 6.Nd5 Bg4 7.c3 Nf6 8.Ne3 Bh5
9.h3 a6 10.g4 Bg6 11.h4 h5 12.g5 Nd7 13.Qe2 Rc8 14.Bd2 b5 15.Bd5 Nb6 16.O-O-O Nd4
17.cxd4 cxd4+ 18.Nc2 Nxd5 19.exd5 Qc7 20.Ne1 Qb7 21.Qf3 O-O 22.Kb1 Rc5 23.Nb4 a5
24.Nc6 b4 25.Rc1 e4 26.dxe4 Rxd5 27.Ka1 Rc5 28.Rxc5 dxc5 29.e5 c4 30.Nxe7+ Qxe7
31.Ng2 c3 32.Bc1 Qxe5 33.Re1 Qc5 34.Nf4 Qf5 35.Qd3 Qxd3 36.Nxd3 Bxd3 37.Rd1 Bf5
38.Rxd4 Re8 39.bxc3 Re1 40.cxb4 Rxc1+ 41.Kb2 Rb1+ 42.Ka3 axb4+ 43.Rxb4 Rxb4
44.Kxb4 f6 45.f4 fxg5 46.fxg5 Kf7 47.Kc5 Ke6 48.Kd4 Bb1 49.a4 Kf5 50.a5 Kf4
51.a6 Be4 52.a7 Bb7 53.Kd3 Kg4 54.Kc3  0-1